Az irodalmi tény pragmatikai értelmezése

Elmentve itt :
Bibliográfiai részletek
Szerző: Toma, Radu
Adatforrás:Philobibl
Forrásdokumentuma:Korunk
1992:8. p. 75-78.
Dokumentumtípus: Cikk
Nyelv:magyar
Kulcsszavak:esztétika
LEADER 00301nab a2200109 c 4500
001 bibPHI0040341
005 20200924124320.2
008 101129s1992 rm hun
100 1 |a Toma, Radu 
245 1 3 |a Az irodalmi tény pragmatikai értelmezése  |c Radu Toma 
695 |a esztétika 
773 0 |t Korunk  |g 1992:8. p. 75-78.